000
00325nam a22001457a 4500
020
_a
9788180380198
082
_a
340.14,LAN
100
_a
LANGAN, P
245
_a
MAXWELL ON THE INTERPRETATION OF STATUTES
250
_a
12TH
260
_a
GURGAON
_b
LEXIS NEXIS
_c
2013
300
_a
391
650
_a
LAW
942
_2
ddc
_c
BK
_0
5
999
_c
9646
_d
9646